000 00438nam a2200205Ia 4500
001 12786
003 GE_BSU
008 181216s||||||||xx |||||||||||||| ||und||
020 _a0140270361
040 _cGE_BSU
080 _a821.111-32
100 _aFrench,Nicci.
245 4 _aThe Safe House.
260 _aLondon.
260 _bPenguin Books.
260 _c1998
300 _a372p;18cm.
653 _aThe Safe House.
942 _cBK
999 _c45957
_d45957